Normal view
MARC view
- العساف، شذى أحمد
Entry Personal Name
001 - CONTROL NUMBER
- control field: 59206
003 - CONTROL NUMBER IDENTIFIER
- control field: JO-AjAnu
005 - DATE AND TIME OF LATEST TRANSACTION
- control field: 20230606083702.0
008 - FIXED-LENGTH DATA ELEMENTS
- fixed length control field: 230606|| aca||aabn | a|a d
040 ## - CATALOGING SOURCE
- Original cataloging agency: JO-AjAnu
- Transcribing agency: JO-AjAnu
100 ## - HEADING--PERSONAL NAME
- Personal name: العساف، شذى أحمد
670 ## - SOURCE DATA FOUND
- Source citation: Work cat.: (JO-AjAnu)30199: العساف، شذى أحمد , author, الحق في حرمة الحياة الخاصة كقيد على حرية التعبير عن الرأي: دراسة مقارنة